Catalog

Record Details

Catalog Search



No place for monsters / written and illustrated by ... Read More

Merritt, Kory,(author,, illustrator.).

Available copies

  • 2 of 2 copies available at LARL/NWRL Consortium.
  • 2 of 2 copies available at Lake Agassiz Regional Library. (Show preferred library)

Current holds

0 current holds with 2 total copies.

Show Only Available Copies
Location Call Number / Copy Notes Barcode Shelving Location Status Due Date
Barnesville Public Library J MER (Text) 33500013328448 Main Available -
Breckenridge Public Library J MER (Text) 33500013328430 Main Available -

Record details

  • ISBN: 9780358128533
  • ISBN: 0358128536
  • Physical Description: 379 pages : illustrations ; 22 cm
  • Publisher: Boston ; New York : Houghton Mifflin Harcourt, [2020]

Content descriptions

Formatted Contents Note:
Front Cover -- Front Matter -- Half Title -- Title ... Read More
Chapter 18: Goatsucker -- Chapter 19: Good Cop, ... Read More
Chapter 39: Triggered -- Chapter 40: Where ... Read More
Summary, etc.:
Cowslip Grove seems like the perfect place to ... Read More
Subject: Missing children > Juvenile fiction.
Monsters > Juvenile fiction.
Memory > Juvenile fiction.
Missing children > Fiction.
Monsters > Fiction.
Memory > Ficiton.
JUVENILE FICTION / Action & Adventure / General.
JUVENILE FICTION / Horror.
JUVENILE FICTION / Mysteries & Detective Stories.
Memory
Missing children
Monsters
Genre: Horror fiction.
Detective and mystery fiction.
Detective and mystery fiction
Fiction
Horror fiction
Illustrated works
Juvenile works
Horror fiction.
Detective and mystery fiction.
Illustrated works.
LDR 03814cam a2200589Ii 4500
001348551
003LARL_NWRL_CONSORTIUM
00520211022163712.0
008191208t20202020maua j 000 1 eng d
040 . ‡aYDX ‡beng ‡erda ‡cYDX ‡dOCLCQ ‡dOI6 ‡dJAS ‡dYW6 ‡dTOH ‡dJTH ‡dOCLCF ‡dDEERP ‡dYU6 ‡dJTH ‡dVP@ ‡dMJ8 ‡dJQM ‡dCNCAR ‡dOCLCO ‡dILC ‡dOCLCO
020 . ‡a9780358128533 ‡q(hardcover)
020 . ‡a0358128536 ‡q(hardcover)
035 . ‡a(OCoLC)1129727289
08204. ‡a[Fic] ‡223
1001 . ‡aMerritt, Kory, ‡eauthor, ‡eillustrator.
24510. ‡aNo place for monsters / ‡cwritten and illustrated by Kory Merritt.
264 1. ‡aBoston ; New York : ‡bHoughton Mifflin Harcourt, ‡c[2020]
264 4. ‡c©2020
300 . ‡a379 pages : ‡billustrations ; ‡c22 cm
336 . ‡atext ‡btxt ‡2rdacontent
337 . ‡aunmediated ‡bn ‡2rdamedia
338 . ‡avolume ‡bnc ‡2rdacarrier
4900 . ‡aNo place for monsters ; ‡v1
520 . ‡aCowslip Grove seems like the perfect place to raise a family until the children start disappearing. Nobody looks for the children because nobody can remember them. Nobody except Levi and Kat. Now they must figure out what terrible presence is taking the chilren and fight it to save the missing kids, before the whole town disappears.
5050 . ‡aFront Cover -- Front Matter -- Half Title -- Title -- Dedication -- Copyright -- Prologue -- Chapter 1: Cindy Who? -- Chapter 2: Levi and Kat -- Chapter 3: Alone -- Chapter 4: The Cryptid Research Station -- Chapter 5: The Stranger -- Chapter 6: The Cryptid Hunt -- Chapter 7: The Mushpits -- Chapter 8: Elephants for Lunch -- Chapter 9: Snotty Who? -- Chapter 10: Not Quite Right -- Chapter 11: Twila -- Chapter 12: Morning -- Chapter 13: The Loose Pieces -- Chapter 14: Plans -- Chapter 15: Bump in the Night -- Chapter 16: Strangers in a Strange Land -- Chapter 17: Bombarded
5058 . ‡aChapter 18: Goatsucker -- Chapter 19: Good Cop, Bad Cop -- Chapter 20: Heckbender -- Chapter 21: The Watch -- Chapter 22: Trust -- Chapter 23: When the World Was Wild -- Chapter 24: Violations -- Chapter 25: Out of the Night -- Chapter 26: I Scream You Scream -- Chapter 27: Following -- Chapter 28: The Surface -- Chapter 29: Iced -- Chapter 30: Slynderfell -- Chapter 31: Beneath the Surface -- Chapter 32: Where the Wild Things Are Now -- Chapter 33: The Boojum -- Chapter 34: Kat's Dream -- Chapter 35: Levi's Dream -- Chapter 36: Waking -- Chapter 37: Escape -- Chapter 38: Fading Memories
5058 . ‡aChapter 39: Triggered -- Chapter 40: Where Sidewalks End -- Back Matter -- Acknowledgments -- Back Cover -- Spine
650 0. ‡aMissing children ‡vJuvenile fiction.
650 0. ‡aMonsters ‡vJuvenile fiction. ‡0(LARL_NWRL_CONSORTIUM)166253
650 0. ‡aMemory ‡vJuvenile fiction.
650 1. ‡aMissing children ‡vFiction. ‡0(LARL_NWRL_CONSORTIUM)166118
650 1. ‡aMonsters ‡vFiction. ‡0(LARL_NWRL_CONSORTIUM)166252
650 1. ‡aMemory ‡vFiciton.
650 7. ‡aJUVENILE FICTION / Action & Adventure / General. ‡2bisacsh
650 7. ‡aJUVENILE FICTION / Horror. ‡2bisacsh
650 7. ‡aJUVENILE FICTION / Mysteries & Detective Stories. ‡2bisacsh
650 7. ‡aMemory ‡2fast ‡0(LARL_NWRL_CONSORTIUM)25479
650 7. ‡aMissing children ‡2fast ‡0(LARL_NWRL_CONSORTIUM)25887
650 7. ‡aMonsters ‡2fast ‡0(LARL_NWRL_CONSORTIUM)26039
655 7. ‡aHorror fiction. ‡2lcgft
655 7. ‡aDetective and mystery fiction. ‡2lcgft
655 7. ‡aDetective and mystery fiction ‡2fast
655 7. ‡aFiction ‡2fast
655 7. ‡aHorror fiction ‡2fast
655 7. ‡aIllustrated works ‡2fast
655 7. ‡aJuvenile works ‡2fast
655 7. ‡aHorror fiction. ‡2gsafd
655 7. ‡aDetective and mystery fiction. ‡2gsafd
655 7. ‡aIllustrated works. ‡2lcgft
901 . ‡a348551 ‡bOCoLC ‡c348551 ‡tbiblio ‡soclc

Additional Resources